AADHUNIK VIGYAPAN (Record no. 5567)

MARC details
000 -LEADER
fixed length control field 00374nam a22001577a 4500
005 - DATE AND TIME OF LATEST TRANSACTION
control field 20170916110710.0
008 - FIXED-LENGTH DATA ELEMENTS--GENERAL INFORMATION
fixed length control field 170916b xxu||||| |||| 00| 0 eng d
020 ## - INTERNATIONAL STANDARD BOOK NUMBER
ISBN 81-7055-507-8
041 ## - LANGUAGE CODE
Language code of text/sound track or separate title eng
082 ## - DEWEY DECIMAL CLASSIFICATION NUMBER
Classification number 302.2
100 ## - MAIN ENTRY--AUTHOR NAME
Personal name PATANJALI, DR. PREMCHAND
245 ## - TITLE STATEMENT
Title AADHUNIK VIGYAPAN
260 ## - PUBLICATION, DISTRIBUTION, ETC. (IMPRINT)
Place of publication NEW DELHI
Name of publisher VANI PRAKASHAN
300 ## - PHYSICAL DESCRIPTION
Number of Pages 176p,
942 ## - ADDED ENTRY ELEMENTS (KOHA)
Koha item type Books
Holdings
Lost status Damaged status Home library Current library Shelving location Date acquired Source of acquisition Cost, normal purchase price Full call number Accession Number Koha item type
    JRU Library   SHELF-32-F 16/09/2017 PURCHESS 200.00 302.2 21919 Books
    JRU Library   SHELF-32-F 16/09/2017 PURCHESS 200.00 302.2 21920 Books